| 000 | 00567nam a22001817a 4500 | ||
|---|---|---|---|
| 005 | 20250908160753.0 | ||
| 010 | _aENG-146841 | ||
| 020 |
_a9789390652464 _c1199.00 |
||
| 035 | _aEN-130373 | ||
| 037 | _bDBAD/PUB | ||
| 082 | _a954.920514 | ||
| 100 |
_aVerma, Shiv Kunal _984959 |
||
| 245 |
_a1965 A Western Sunrise; _cShiv Kunal Verma _bIndia's War With Pakistan / |
||
| 260 |
_aNew Delhi _bAleph book Company _c2021 |
||
| 270 |
_a7/16 Ansari Road, Daryaganj _bNew Delhi _e110002 |
||
| 300 |
_a509p. _c24cm(hb) |
||
| 942 |
_2ddc _cEN _h954.920514 _mVER |
||
| 999 |
_c213404 _d213404 |
||